Tilastot visalle Suomen pisimmät joet

Klikkaa tästä pelataksesi tätä visaa!

Yleistilastot

  • Tätä visaa on pelattu 66 kertaa
  • Keskiarvotulos 14 / 35

Vastaustilastot

VihjeVastaus% Oikein
550kmKemijoki
100%
107kmOulujoki
89%
180kmKymijoki
79%
130kmKalajoki
72%
162kmPyhäjoki
72%
522kmTornionjoki
72%
344kmTenojoki
66%
150kmKokemäenjoki
64%
152kmSiikajoki
62%
101kmVantaanjoki
62%
330kmIijoki
57%
298kmOunasjoki
55%
230kmMuonionjoki
51%
172kmSimojoki
47%
147kmLapuanjoki
45%
278kmKitinen
43%
227kmLuiro
40%
130kmPorvoonjoki
34%
150kmVuoksi
34%
170kmKiiminkijoki
32%
155kmPerhonjoki
28%
170kmIvalojoki
26%
127kmKyrönjoki
23%
135kmOulankajoki
23%
150kmRaudanjoki
21%
114kmLoimijoki
15%
110kmKarvianjoki
13%
105kmKiehimänjoki
13%
120kmSiuruanjoki
13%
125kmLivojoki
11%
105kmNuorittajoki
11%
105kmPaimionjoki
11%
110kmVaskojoki
11%
132kmLieksanjoki
9%
126kmTenniöjoki
6%

Tulosjakauma

Persentiili vastausten määrän mukaan

Jokaisen tuloksen saaneiden osuus

Tuloshistoriasi

Et ole pelannut tätä visaa